| 000 | 00994nam a22002657a 4500 | ||
|---|---|---|---|
| 001 | 8724 | ||
| 003 | FISKH | ||
| 005 | 20251014092854.0 | ||
| 008 | 251014b cb ||||| |||| 00| 0 eng d | ||
| 020 | _a9780194234276 | ||
| 040 |
_aFISKH _beng _cFISKH _dFISKH |
||
| 050 | _aPE1126.A4 B874 | ||
| 082 | _a428.6 | ||
| 100 |
_a Burrows, Phillip _eAuthor |
||
| 245 |
_aStarman / _cPhillip Burrows and Mark Foster |
||
| 260 |
_aNew York : _bOxford University , _c2002 |
||
| 300 |
_a40 pages : _bcolor illustrations ; _c20 cm |
||
| 505 | _aE | ||
| 520 | _aThe empty centre of Australia. The sun is hot and there are not many people. And when Bill meets a man, alone, standing on an empty road a long way from anywhere, he is surprised and worried.And Bill is right to be worried. Because there is something strange about the man he meets. Very strange . . . | ||
| 521 | 8 |
_a260
_bLexile |
|
| 521 | 8 |
_aE
_bRaz-Plus |
|
| 650 |
_aBeginner _vReaders |
||
| 942 |
_2ddc _cBK _n0 |
||
| 999 |
_c8724 _d8724 |
||